000
00292nam a2200121Ia 4500
008
190216s9999||||xx |||||||||||||| ||und||
100
_a
Atkins P T
245
0
_a
Elements Of Physical Chemistry
260
_b
Oxford University Press
_c
2001
300
_a
548p
650
_a
Chemistry
942
_c
BK
999
_c
3027
_d
3027